000 01115nam a22003377a 4500
003 CHAP
005 20220329134417.0
008 971013s1919 r 00010 d
010 _a20100
011 _a21072
035 _a25161
040 _cCHAP
082 _a630.7209284
_bC4
110 _aCentro Nacional de Tecnología Agropecuaria. Santa Tecla, El Salvador
_921254
245 _aMemoria
_b: 19 -
260 _aSan Salvador :
_bEl Centro,
_c(19 -19 )
300 _av.
500 _aLa biblioteca tiene: 1975-76
590 _aBATCH-UPD
_b10
_c20130110
_lUCH01
_h0224
590 _aBATCH-UPD
_b10
_c20130110
_lUCH01
_h1955
590 _aBATCH-UPD
_b10
_c20130409
_lUCH01
_h2245
590 _aBATCH-UPD
_b10
_c20130913
_lUCH01
_h2058
590 _aCONVERSION
_b10
_c20130109
_lUCH01
_h1312
650 1 4 _aAgricultura
_xEl Salvador.
_91413
650 1 4 _aAgricultura
_xInvestigación
_xEl Salvador.
_91620
650 1 4 _aCultivos
_xEl Salvador.
_930260
650 1 4 _aEl Salvador
_xCondiciones rurales.
_936155
901 _aBK
942 _cLIBRO
949 _a630.7209284 C4
_bBC
_cLIBRO
_d-58043
_eLIBRO
_h40855
_i25161
_mD
_si
999 _c20100
_d20100